| 000 | 01455cam a22003857a 4500 | ||
|---|---|---|---|
| 003 | EG-ScBUE | ||
| 005 | 20220605125121.0 | ||
| 006 | m||||fq||h 00| 0 | ||
| 008 | 090810s2008 enka f 000 0 eng d | ||
| 020 | _a9780521722155 | ||
| 020 | _a9780521722155 (CD- Rom) | ||
| 040 |
_aEG-ScBUE _beng _erda _cEG-ScBUE _dEG-ScBUE |
||
| 082 | 0 | 4 |
_a650.14 _bDOW _222 |
| 100 | 1 |
_aDownes, Colm, _eauthor. _98402 |
|
| 245 | 1 | 0 |
_aCambridge English for job-hunting / _cColm Downes; series editor Jeremy Day. |
| 264 | 1 |
_aCambridge : _bCambridge University Press, _c2008. |
|
| 300 |
_a112 pages : _bcolor illustrations ; _c25 cm + _e2 audio discs. |
||
| 336 |
_2rdacontent _atext _btxt |
||
| 336 |
_2rdacontent _asounds _bsnd |
||
| 337 |
_2rdamedia _aunmediated _bn |
||
| 337 |
_2rdamedia _aaudio _bs |
||
| 338 |
_2rdacarrier _avolume _bnc |
||
| 338 |
_2rdacarrier _acomputer disc _bcd |
||
| 490 | 0 | _aCambridge professional English | |
| 505 | _aResearch and preparation -- Writing an impressive CV -- Effective cover letters -- Successful interviews -- Advanced interview techniques -- Follow up. | ||
| 590 | _ashefaa ibrahem | ||
| 650 | 7 |
_aJob hunting. _2BUEsh _912587 |
|
| 650 | 7 |
_aEnglish language _vTerms and phrases. _913796 _2BUEsh |
|
| 650 | 7 |
_aEmployment interviewing. _vTerms and phrases. _913797 _2BUEsh |
|
| 651 | _2BUEsh | ||
| 653 |
_bHHUUEENN _cJuly2019 |
||
| 655 |
_vReading book _934232 |
||
| 700 | 1 |
_aDay, Jeremy, _eeditor. _913793 |
|
| 942 |
_2ddc _cBB |
||
| 999 |
_c12559 _d12559 |
||